<?xml version="1.0" encoding="UTF-8"?>
<record
    xmlns:xsi="http://www.w3.org/2001/XMLSchema-instance"
    xsi:schemaLocation="http://www.loc.gov/MARC21/slim http://www.loc.gov/standards/marcxml/schema/MARC21slim.xsd"
    xmlns="http://www.loc.gov/MARC21/slim">

  <leader>00734nam a2200205   4500</leader>
  <controlfield tag="001"> 83010</controlfield>
  <controlfield tag="003">BD-RjUL</controlfield>
  <controlfield tag="005">20240208105004.0</controlfield>
  <controlfield tag="008">240208s13251946ir ||||| |||| 00| 0 p   d</controlfield>
  <datafield tag="035" ind1=" " ind2=" ">
    <subfield code="a">(BD-RjUL) 83010</subfield>
  </datafield>
  <datafield tag="040" ind1=" " ind2=" ">
    <subfield code="a">BD-RjUL</subfield>
    <subfield code="b">eng</subfield>
    <subfield code="c">BD-RjUL</subfield>
  </datafield>
  <datafield tag="041" ind1=" " ind2=" ">
    <subfield code="a">per</subfield>
  </datafield>
  <datafield tag="082" ind1=" " ind2=" ">
    <subfield code="2">23</subfield>
    <subfield code="a">100</subfield>
    <subfield code="b">JAA 1946</subfield>
  </datafield>
  <datafield tag="100" ind1=" " ind2=" ">
    <subfield code="a">Janet, Paul </subfield>
    <subfield code="9">11566</subfield>
  </datafield>
  <datafield tag="245" ind1="1" ind2="0">
    <subfield code="a">&#x200F;&#x622;&#x304;&#x631;&#x627;&#x621; &#x641;&#x644;&#x627;&#x633;&#x641;&#x647; &#x62F;&#x631; &#x628;&#x627;&#x631;&#x6C0; &#x639;&#x627;&#x62F;&#x62A; /&#x200F; / &#x100;r&#x101;&#x2BC;i fal&#x101;sifah dar b&#x101;reh-yi &#x2BB;&#x101;dat .. /</subfield>
    <subfield code="c">Paul Janet, &#x200F;&#x633;&#x67E;&#x647;&#x631;&#x649;&#x60C; &#x628;&#x631;&#x632;&#x648;. (Translator) / Burz&#x16B; Sipihr&#x12B;</subfield>
  </datafield>
  <datafield tag="260" ind1=" " ind2=" ">
    <subfield code="a">Tehran:</subfield>
    <subfield code="b">Chapkhanah Dansgah,</subfield>
    <subfield code="c">1946</subfield>
  </datafield>
  <datafield tag="650" ind1=" " ind2=" ">
    <subfield code="a"> Histoire</subfield>
    <subfield code="v"> de la philosophie </subfield>
    <subfield code="9">11567</subfield>
  </datafield>
  <datafield tag="700" ind1=" " ind2=" ">
    <subfield code="a">&#x633;&#x67E;&#x647;&#x631;&#x649;&#x60C; &#x628;&#x631;&#x632;&#x648;. ;;  Burz&#x16B; Sipihr&#x12B; (Translator)</subfield>
    <subfield code="9">11568</subfield>
  </datafield>
  <datafield tag="942" ind1=" " ind2=" ">
    <subfield code="2">ddc</subfield>
    <subfield code="c">BK</subfield>
  </datafield>
  <datafield tag="999" ind1=" " ind2=" ">
    <subfield code="c">83010</subfield>
    <subfield code="d">83010</subfield>
  </datafield>
  <datafield tag="952" ind1=" " ind2=" ">
    <subfield code="0">0</subfield>
    <subfield code="1">0</subfield>
    <subfield code="2">ddc</subfield>
    <subfield code="4">0</subfield>
    <subfield code="7">1</subfield>
    <subfield code="8">NFIC</subfield>
    <subfield code="a">RUCL</subfield>
    <subfield code="b">RUCL</subfield>
    <subfield code="c">Reading</subfield>
    <subfield code="d">1976-07-16</subfield>
    <subfield code="l">0</subfield>
    <subfield code="o">F 100 JAA 1946</subfield>
    <subfield code="r">2024-02-08 00:00:00</subfield>
    <subfield code="t">C-1</subfield>
    <subfield code="w">2024-02-08</subfield>
    <subfield code="y">BK</subfield>
  </datafield>
</record>
